| 000 | 00428nam a22001817a 4500 | ||
|---|---|---|---|
| 003 | OSt | ||
| 005 | 20251029122626.0 | ||
| 008 | 251029b |||||||| |||| 00| 0 eng d | ||
| 040 | _cSKBL | ||
| 041 | _aeng | ||
| 082 |
_a302.072 _bVa11Me |
||
| 100 |
_aDr. Vatsyayan _eaut |
||
| 245 | _aMethods & Techniques of Social Survey & Research | ||
| 260 |
_aDelhi _bKedar Nath Ram Nath |
||
| 300 | _a275 | ||
| 700 | _eaut | ||
| 942 | _cBK | ||
| 999 |
_c67668 _d67668 |
||